000 00855nas a2200277 4500
001 BR8103548
003 BR-BrBNA
005 20231205084803.0
007 ta
008 230509b bl.|||p| |||| 00| 00por d
040 _aBR-BrBNA
_bpor
_cBiblioteca Nacional de Agricultura
041 _a(Pt)
072 _aH10
100 1 _aCorreia, A. do C.B.
245 1 _aPragas do girassol [Lagarta; Vaquinha; Inseticida; Helianthus annuus]
650 _aPraga de planta
650 _aGirassol
650 _aLagarta
650 _aVaquinha
650 _aInseticida
650 _aControle quimico
650 _aControle biologico
773 0 _tInforme Agropecuario - Empresa de Pesquisa Agropecuaria de Minas Gerais (Brazil)
_xISSN 0100-3364
_g(Oct 1981), v. 7(82) p. 86-87
_wBR8103548
909 _a202311
_bLúcia
_c55
_dLúcia Elande
942 _2AGRIS
_n0
_cANA
999 _c107277
_d107277